Drobné spisy a fragmenty /

Main Author: Schelling, Friedrich Wilhelm Joseph von, 1775-1854
Language: Czech
Published: Praha : Vyšehrad, 2004
Edition: Vyd. 1.
Series: Krystal (Vyšehrad)
Physical Description: 109 s. ; 14 cm
Book
Saved in:
LEADER 01221nam a2200337 a 4500
001 000718842
003 CZ BrMZK
005 20051014134647.0
007 ta
008 040531s2004 xr e 000 0 cze
015 |a cnb001315456 
020 |a 80-7021-689-1  |q (brož.) :  |c Kč 148,00 
035 |a (OCoLC)85106435 
040 |a BOA001  |b cze 
041 1 |a cze  |h ger 
072 7 |a 14(100-15)"15/20"  |x Moderní západní filozofie  |2 Konspekt  |9 5 
080 |a 14(430)  |2 MRF 
080 |a (082.21)  |2 MRF 
100 1 |a Schelling, Friedrich Wilhelm Joseph von,  |d 1775-1854  |7 jn19990007561  |4 aut 
245 1 0 |a Drobné spisy a fragmenty /  |c F.W.J. von Schelling ; [z německých originálů vybral a přeložil Petr Babka] 
250 |a Vyd. 1. 
260 |a Praha :  |b Vyšehrad,  |c 2004 
300 |a 109 s. ;  |c 14 cm 
490 1 |a Krystal ;  |v sv. 6 
600 1 7 |a Schelling, Friedrich Wilhelm Joseph,  |d 1775-1854  |7 jn19990007561  |2 czenas 
650 0 7 |a německá filozofie  |7 ph123485  |z stol. 18.-19.  |2 czenas 
655 7 |a výbory  |7 fd133853  |2 czenas 
830 0 |a Krystal (Vyšehrad)  |0 s 
910 |a BOA001  |b S-1137.754 
990 |a BK 
996 6 |b 2610222896  |c S-1137.754  |l MZK  |r Sklad / do 24 hodin  |n 2  |p p.v.  |w 000718842  |u 000010  |a 1  |e BOA001  |j MZK50  |s P